Fundamentos de sistemas digitales

Salvato in:
Dettagli Bibliografici
Autore principale: Floyd, Thomas L (Autore)
Natura: Libro
Lingua:spagnolo
Pubblicazione: Madrid, España Pearson Educación 2006
Edizione:9a. edición
Soggetti:
Accesso online:Disponible Online
Tags: Aggiungi Tag
Nessun Tag, puoi essere il primo ad aggiungerne!!

MARC

LEADER 00000cam a2200000 a 4500
001 UCC4078
003 CL-VaPUC
005 20210624001441.0
008 180706e20060000sp |||||||||||||||||spa|d
999 |c 371681  |d 371679 
020 |a 9788483220856 
040 |c Pontificia Universidad Católica de Valparaíso 
082 0 4 |a 621.395 FLO 2006  |2 21 
100 0 |a Floyd, Thomas L  |e author  |9 598219 
245 1 0 |a Fundamentos de sistemas digitales 
250 |a 9a. edición  
260 |a Madrid, España   |b Pearson Educación  |c 2006 
300 |a 1005 páginas  
583 |a last modification  |c 20180706 14:40:00  |k Rodrigo Vera 
650 0 |a Electrónica digital   |2 CL-VaPUC  |9 263160 
650 0 |a Circuitos lógicos   |9 263161 
650 0 |a Sistemas digitales   |2 CL-VaPUC  |9 435618 
856 |u http://bibliografiadigital.pucv.cl.pucv.idm.oclc.org/index.php/bibliotecapucv/catalog/book/525  |y Disponible Online  
942 |c BK  |2 ddc 
945 |d 20180706 14:40:00  |a dcastane 
952 |0 0  |1 0  |2 ddc  |3 erb  |4 0  |6 621_395000000000000_FLO_2006  |7 0  |8 A  |9 488784  |a BIBING  |b BIBING  |c RES  |i 5479738  |o 621.395 FLO 2006  |p 5479738  |r 2025-01-20  |w 2019-11-24  |y BK  |z Catalogado en:20180706  |k EIE